000 00572nam a22001937a 4500
999 _c4747
_d4747
003 AR-CdUCM
008 190311b ||||| |||| 00| 0 esp d
040 _aMUNICIPALIDAD PROVINCIAL DEL CUSCO
_cBIBLIOTECA MUNICIPAL DEL CUSCO
082 _a848.9 /
_bC68
100 _aClaudel, Paul
_914695
245 _aLa anunciación /
_cPaul Claudel
260 _aLa paz :
_bDon Bosco,
_c1956.
300 _a100 paginas ;
_c18 cm.
500 _aDonación de la familia Luis Nieto
650 _aTeatro francés
_92444
650 _aSiglo XX
_98
942 _2ddc
_cLIBROS
945 _aacrt